Communicating in Organizations

Saved in:
Bibliographic Details
Main Author: Phillips, Gerald M.
Format: Book
Language:English
Published: New York MacMillan Publ. Co. 1982
Edition:1. ed.
Subjects:
Tags: Add Tag
No Tags, Be the first to tag this record!

MARC

LEADER 00000nam a2200000 4500
001 c012845
005 20221207074445.1
041 0 |a eng 
044 |a US 
245 1 0 |a Communicating in Organizations  |c Gerald M. Phillips 
250 |a 1. ed. 
264 1 |a New York  |b MacMillan Publ. Co.  |c 1982 
300 |a 366 s. 
610 2 0 |a komunikácia 
610 2 0 |a psychológia podniková 
610 2 0 |a podnik 
100 1 |a Phillips, Gerald M.